| 000 | 00586nam a2200181 a 4500 | ||
|---|---|---|---|
| 005 | 20240920064006.0 | ||
| 008 | 991125s1987 mx 000 0 spa u | ||
| 035 | _aUPN01000040534 | ||
| 049 | _aSEP | ||
| 050 | 4 |
_aLC5209 _bE5.5 1987 |
|
| 110 | 2 |
_aEncuentro Nacional de Presidentes Municipales _d(1987 enero 18-31 : _cGuanajuato, Guanajuato) |
|
| 245 | 1 | 3 |
_aEl municipio y la educación para adultos : _bmemoria. |
| 260 |
_aMéxico : _bCNEM, _c1987. |
||
| 300 | _a354 p. | ||
| 650 | 4 |
_aEDUCACION DE ADULTOS - _zGUANAJUATO _916085 |
|
| 650 | 4 |
_aEducación de adultos _9956 |
|
| 905 | _aLibro | ||
| 999 |
_c40534 _d40534 |
||